Taylor Swift - guess the song with no hints ⭒11 - Statistics

General Stats
  • This quiz has been taken 2,851 times
  • The average score is 344 of 501
Answer Stats
Answer % Correct
I
100%
a
98%
you
98%
the
96%
The
96%
me
91%
me,
91%
And
90%
and
90%
it
88%
to
88%
where
87%
be
86%
On
86%
on
86%
your
86%
my
85%
who
85%
do
84%
in
84%
is
83%
then
83%
go,
81%
was
81%
I'm
79%
of
79%
You're
79%
All
78%
all
78%
that
78%
like
77%
this
76%
If
75%
if
75%
for
72%
know,
72%
time
72%
at
71%
At
71%
they
71%
us
71%
with
70%
did
68%
mine
67%
never
67%
Never
67%
why
67%
now
65%
can't
64%
But,
63%
oh,
63%
oh
63%
Oh,
63%
as
61%
would've
61%
Would've,
61%
back
60%
could've
60%
could've,
60%
should've
60%
first
58%
I'd
57%
let
56%
won't
56%
you'd
56%
feel
55%
left
55%
miss
55%
used
55%
our
54%
Give
53%
wish
53%
devil
52%
mind
52%
nineteen
52%
way
52%
danced
51%
God
51%
man?
51%
down
50%
Gone
50%
gone
50%
got
50%
knees
50%
Looked
50%
looked
50%
out
50%
pain
50%
scared
50%
some
50%
stayed
50%
away
49%
damn
49%
ghosts
49%
grown
49%
grown,
49%
regret
49%
from
48%
girlhood,
48%
soul,
48%
sure
48%
wondering
48%
heaven
47%
Memories
47%
about
46%
close,
46%
glance
46%
made
46%
rest
46%
weapons
46%
die?
45%
fight
45%
hands?
45%
only
45%
sleep
44%
truth
44%
matter
43%
pray
43%
hurts
42%
keep
42%
Living
42%
thrill
42%
child,
41%
hitting
41%
honest
41%
chance
40%
God's
40%
wash
40%
Years
40%
death,
39%
glass
39%
sign
39%
windows
39%
wound
39%
promising
38%
blinked
37%
important
37%
stained
37%
tomb
37%
waiting
37%
played
36%
poison,
36%
tearing
36%
tried
36%
banners,
35%
clarity's
35%
paint,
35%
safe
35%
splatter
35%
tasted
35%
touched
35%
erase
34%
faith
34%
whispered
34%
along
33%
crisis
33%
Spit
33%
saved
32%
boredom
31%
Lord,
31%
righteous
30%
blushed,
25%
No matching quizzes found
Score Distribution
Percent of People with Each Score
Percentile by Number Answered
Your Score History
You have not taken this quiz